000 00357nam a2200145Ia 4500
008 100122s9999 xx 000 0 und d
082 _b5041
_a823.08
100 _aGLYDER J
245 _aJILL - IN - THE - BOX
260 _bHERBERT JENKINS
_c1924
300 _a312
630 _aJILL - IN - THE - BOX
730 _aJILL - IN - THE - BOX
942 _cBOOK
999 _c443127
_d443124